L'opinion publique dans l'Europe des Lumières : Stratégies et concepts (notice n° 1926228)

détails MARC
000 -LEADER
fixed length control field 01855cam a2200145 4500500
005 - DATE AND TIME OF LATEST TRANSACTION
control field 20260329023318.0
041 ## - LANGUAGE CODE
Language code of text/sound track or separate title fre
042 ## - AUTHENTICATION CODE
Authentication code dc
100 10 - MAIN ENTRY--PERSONAL NAME
Personal name Binoche, Bertrand
Relator term author
245 00 - TITLE STATEMENT
Title L'opinion publique dans l'Europe des Lumières : Stratégies et concepts
260 ## - PUBLICATION, DISTRIBUTION, ETC.
Name of publisher, distributor, etc. Armand Colin,<br/>
Date of publication, distribution, etc. 2013.<br/>
520 ## - SUMMARY, ETC.
Summary, etc. Onze historiens et philosophes s’interrogent sur l’émergence du concept d’opinion publique dans cette Europe éclairée, où l’on a cru, à tort ou à raison, qu’à la doctrine publique émanant d’une autorité religieuse identifiable, on pouvait et on devait substituer une raison publique par essence incompatible avec tout dogmatisme et procédant des facultés individuelles. Les auteurs proposent au lecteur une double approche.Le premier volet de cette enquête est essentiellement historique : il s’articule autour de thèmes majeurs comme la production et le contrôle de l’opinion publique dans les grandes monarchies de l’Europe moderne, ou encore l’attitude de groupes sociaux, comme les économistes ou les parlementaires, qui éprouvent le besoin de justifier leur action ou leurs positions intellectuelles en invoquant « l’opinion publique ».Le second volet, plus philosophique, se focalise sur le concept lui-même. Quelle définition peut-on donner de l’opinion publique ? Quelle fonction est-elle appelée ou non à jouer pour assurer la cohésion d’une société ? Pourquoi tabler sur elle plutôt que sur la vertu civique ou la foi religieuse ? Si on suit ici sa vigueur à l’époque des Lumières, c’est autour de la Révolution que ces questions prennent une intensité particulière…
700 10 - ADDED ENTRY--PERSONAL NAME
Personal name Lemaître, Alain J.
Relator term author
856 41 - ELECTRONIC LOCATION AND ACCESS
Uniform Resource Identifier <a href="https://shs.cairn.info/l-opinion-publique-dans-l-europe-des-lumieres--9782200287603?lang=fr&redirect-ssocas=7080">https://shs.cairn.info/l-opinion-publique-dans-l-europe-des-lumieres--9782200287603?lang=fr&redirect-ssocas=7080</a>

Pas d'exemplaire disponible.

PLUDOC

PLUDOC est la plateforme unique et centralisée de gestion des bibliothèques physiques et numériques de Guinée administré par le CEDUST. Elle est la plus grande base de données de ressources documentaires pour les Étudiants, Enseignants chercheurs et Chercheurs de Guinée.

Adresse

627 919 101/664 919 101

25 boulevard du commerce
Kaloum, Conakry, Guinée

Réseaux sociaux

Powered by Netsen Group @ 2025